Object - Oriented Programming in C++ (Record no. 14821)
[ view plain ]
| 000 -LEADER | |
|---|---|
| fixed length control field | 00385nam a2200157Ia 4500 |
| 008 - FIXED-LENGTH DATA ELEMENTS--GENERAL INFORMATION | |
| fixed length control field | 221030s9999 xx 000 0 und d |
| 020 ## - INTERNATIONAL STANDARD BOOK NUMBER | |
| ISBN | 8175152699 |
| 041 ## - LANGUAGE CODE | |
| Language code of text/sound track or separate title | |
| 100 ## - MAIN ENTRY--AUTHOR NAME | |
| Personal name | R. Lafore |
| 245 #0 - TITLE STATEMENT | |
| Title | Object - Oriented Programming in C++ |
| Statement of responsibility, etc | by R. Lafore |
| 250 ## - EDITION STATEMENT | |
| Edition statement | 3rd |
| 260 ## - PUBLICATION, DISTRIBUTION, ETC. (IMPRINT) | |
| Name of publisher | Galgotia Pub |
| Place of publication | New Delhi |
| Year of publication | 2013 |
| 300 ## - PHYSICAL DESCRIPTION | |
| Number of Pages | 925 |
| 650 ## - SUBJECT ADDED ENTRY--TOPICAL TERM | |
| Topical Term | BE Computer |
| 942 ## - ADDED ENTRY ELEMENTS (KOHA) | |
| Koha item type | Books |
| Accession Number | Cost, normal purchase price | Bill Date | Source of acquisition | Price effective from | Koha item type | Withdrawn / writtenoff status | Materials specified (bound volume or other part) | Damaged status | Not for loan | Permanent Location | Current Location | Shelving location | Date acquired | Lost/ Missing status | department |
|---|---|---|---|---|---|---|---|---|---|---|---|---|---|---|---|
| BE 13047 | 410.00 | 3397 | RKB | 10/30/2022 | Books | Not For Loan | MIET Library, Jammu | MIET Library, Jammu | BL-Academic Block B, FL-2, CUP-169, SH-3, R-3 | 02/18/2013 | BE | ||||
| BE 13048 | 410.00 | 3397 | RKB | 10/30/2022 | Books | MIET Library, Jammu | MIET Library, Jammu | BL-Academic Block C, FL-2, CUP-165, SH-1, R-1 | 02/18/2013 | BE | |||||
| BE 13049 | 410.00 | 3397 | RKB | 10/30/2022 | Books | MIET Library, Jammu | MIET Library, Jammu | BL-Academic Block C, FL-2, CUP-165, SH-1, R-1 | 02/18/2013 | BE | |||||
| BE 13050 | 410.00 | 3397 | RKB | 10/30/2022 | Books | MIET Library, Jammu | MIET Library, Jammu | BL-Academic Block C, FL-2, CUP-165, SH-1, R-1 | 02/18/2013 | BE | |||||
| BE 13051 | 410.00 | 3397 | RKB | 10/30/2022 | Books | MIET Library, Jammu | MIET Library, Jammu | BL-Academic Block C, FL-2, CUP-0, SH-0, R-0 | 02/18/2013 | BE | |||||
| BE 13118 | 410.00 | 3398 | RKB | 10/30/2022 | Books | Not For Loan | MIET Library, Jammu | MIET Library, Jammu | BL-Academic Block B, FL-2, CUP-116, SH-4, R-4 | 02/26/2013 | BE | ||||
| BE 13119 | 410.00 | 3398 | RKB | 10/30/2022 | Books | MIET Library, Jammu | MIET Library, Jammu | BL-Academic Block C, FL-2, CUP-155, SH-3, R-3 | 02/26/2013 | BE | |||||
| BE 13120 | 410.00 | 3398 | RKB | 10/30/2022 | Books | MIET Library, Jammu | MIET Library, Jammu | BL-Academic Block C, FL-2, CUP-155, SH-3, R-3 | 02/26/2013 | BE | |||||
| BE 13121 | 410.00 | 3398 | RKB | 10/30/2022 | Books | MIET Library, Jammu | MIET Library, Jammu | BL-Academic Block C, FL-2, CUP-155, SH-3, R-3 | 02/26/2013 | BE | |||||
| BE 13122 | 410.00 | 3398 | RKB | 10/30/2022 | Books | MIET Library, Jammu | MIET Library, Jammu | BL-Academic Blcok C, FL-2, CUP-155, SH-3, R-3 | 02/26/2013 | BE |